书目信息 |
| 题名: |
中国触动全球
|
|
| 作者: | 张维为 著 | |
| 分册: | ||
| 出版信息: | 北京 新华出版社 2008 |
|
| 页数: | 243页 | |
| 开本: | 25cm | |
| 丛书名: | ||
| 单 册: | ||
| 中图分类: | D6 , F12 | |
| 科图分类: | ||
| 主题词: | 政治--研究--中国--现代 , 经济--研究--中国--现代 | |
| 电子资源: | ||
| ISBN: | 978-7-5011-8530-6 | |
| 000 | 00952nam0 2200265 45 | |
| 005 | 20100301113256.64 | |
| 010 | @a978-7-5011-8530-6@dCNY36.00 | |
| 100 | @a20100121d2008 ekmy0chiy0120 ea | |
| 101 | 0 | @achi |
| 102 | @aCN@b110000 | |
| 105 | @aa z 000yy | |
| 106 | @ar | |
| 200 | 1 | @a中国触动全球@AZhong Guo Chu Dong Quan Qiu@dChina touches the world@f张维为著@FZhang Wei Wei Zhu@zeng |
| 210 | @a北京@c新华出版社@d2008 | |
| 215 | @a243页@c图@d25cm | |
| 300 | @a邓小平资深翻译走访百国后的思考 | |
| 330 | @a本书分七章,内容包括:中国,赫然崛起;最不坏的模式?;西方“民主”遇上中国“实事求是”;应该失语的不是我们;中国:不要自己打败自己;环球同此凉热;软实力,更触动世界。 | |
| 510 | 1 | @aChina touches the world@zeng |
| 606 | 0 | @a政治@x研究@y中国@z现代 |
| 606 | 0 | @a经济@x研究@y中国@z现代 |
| 690 | @aD6@v4 | |
| 690 | @aF12@v4 | |
| 701 | 0 | @a张维为@AZhang Wei Wei@4著 |
| 801 | 0 | @aCN@bTANGWEI@c20100301 |
| 905 | @b0585329-33@dD6@e98@f5 | |
| 中国触动全球=China touches the world/张维为著.-北京:新华出版社,2008 |
| 243页:图;25cm |
| 邓小平资深翻译走访百国后的思考 |
| ISBN 978-7-5011-8530-6:CNY36.00 |
| 本书分七章,内容包括:中国,赫然崛起;最不坏的模式?;西方“民主”遇上中国“实事求是”;应该失语的不是我们;中国:不要自己打败自己;环球同此凉热;软实力,更触动世界。 |
| ● |
| 相关链接 |
|
|
|
|
正题名:中国触动全球
索取号:D6/98
 
预约/预借
| 序号 | 登录号 | 条形码 | 馆藏地/架位号 | 状态 | 备注 |
| 1 | 0585329 | 205853290 | 第一样本阅览室/ [索取号:D6/98] | 在馆 | |
| 2 | 0585330 | 205853307 | 第一借阅区/ [索取号:D6/98] | 在馆 | |
| 3 | 0585331 | 205853316 | 第一借阅区/ [索取号:D6/98] | 在馆 | |
| 4 | 0585332 | 205853325 | 第一借阅区/ [索取号:D6/98] | 在馆 | |
| 5 | 0585333 | 205853334 | 第一借阅区/ [索取号:D6/98] | 在馆 |